Score 0/20 Timer 06:00
0 Plays Today
% Correct
Angelina Jolie
88.5%
Cher
79.8%
Audrey Hepburn
66.4%
Björk
64.3%
Halle Berry
63.5%
Meryl Streep
60.2%
Julia Roberts
55.8%
Jennifer Lawrence
52.4%
Sandra Bullock
43.3%
Catherine Zeta-Jones
31.5%
% Correct
Hilary Swank
31.1%
Gwyneth Paltrow
30.1%
Charlize Theron
24.5%
Penelope Cruz
22.2%
Michelle Williams
12.1%
Zoe Saldana
11.6%
Glenn Close
7.9%
Jessica Alba
7.2%
Heidi Klum
6.7%
Beyoncé Knowles
3.5%
Remove Ads.
Support Sporcle.
Get the best of Sporcle when you Go Orange. This ad-free experience offers more features, more stats, and more fun while also helping to support Sporcle. Thank you for becoming a member.

You're not logged in!

Compare scores with friends on all Sporcle quizzes.
OR
Log In

Show Comments

Extras

Top Quizzes Today


Score Distribution

Your Account Isn't Verified!

In order to create a playlist on Sporcle, you need to verify the email address you used during registration. Go to your Sporcle Settings to finish the process.

Report this User

Report this user for behavior that violates our Community Guidelines.

Details: